Arctic Monkeys AM - Statistics

General Stats
  • This quiz has been taken 314 times
  • The average score is 9 of 12
Answer Stats
Album Answer % Correct
AM Do I Wanna Know
97%
AM R U Mine?
91%
AM Arabella
86%
AM Knee Socks
83%
AM Fireside
82%
AM I Wanna Be Yours
82%
AM Snap Out Of It
78%
AM No.1 Party Anthem
76%
AM Mad Sounds
73%
AM One For The Road
72%
AM I Want It All
66%
AM Why'd You Only Call Me When Your High
40%
No matching quizzes found
Score Distribution
Percent of People with Each Score
Percentile by Number Answered
Your Score History
You have not taken this quiz